000 00525nam a2200169 4500
001 116787
003 ES-MaACL
005 20230906190753.0
007 t|
008 061121s1969 sp r ||||1| spa d
100 1 _aPascual, P.
_989364
245 1 0 _aEspacios de Hilbert /
_cP. Pascual.
260 _aValencia :
_bUniversidad, Departamento de Física Teórica,
_c1969.
300 _a84 p. ;
_c29 cm.
710 2 _aUniversidad de Valencia.
_bDepartamento de Física Teórica.
_97318
852 _aES-MaACL
_jC-37476
_bR.72575
999 _c116787
_d116787